| 000 | 00537nam a2200193 a 4500 | ||
|---|---|---|---|
| 001 | 1771563656169 | ||
| 003 | YourLibrary | ||
| 005 | 20260220110811.0 | ||
| 008 | 260220s1996##################000#0#eng## | ||
| 020 | _a9789041102850 | ||
| 082 | 0 | 4 |
_a336.242 _bKLI |
| 100 | 1 |
_aStaff, International Fiscal Association, _eauthor. |
|
| 245 | 1 | 0 | _aTaxation of Non-Resident Entertainers : |
| 260 |
_bSpringer, _c1996. |
||
| 300 | _a184 pages | ||
| 650 | 0 | _aBusiness & Economics. | |
| 942 | _cENGLISH | ||
| 040 |
_aYourLibrary _beng _cYourLibrary |
||
| 999 |
_c613319 _d613319 |
||